Zmyslový marketing ako nástroj zvyšovania lojality zákazníkov diplomová práca

Guardado en:
Detalles Bibliográficos
Autor principal: Zátopková, Lucia
Autor Corporativo: Obchodná fakulta EU. Katedra marketingu
Otros Autores: Vernerová, Dominika, 1994-
Formato: Libro
Lenguaje:eslovaco
Publicado: Bratislava 2023
Etiquetas: Agregar Etiqueta
Sin Etiquetas, Sea el primero en etiquetar este registro!

MARC

LEADER 00000nbm a2200000 4500
001 0293909
005 20240115091602.3
041 0 |a slo 
044 |a SK 
245 1 0 |a Zmyslový marketing ako nástroj zvyšovania lojality zákazníkov  |b diplomová práca  |c Lucia Zátopková ; školiteľ: Dominika Vernerová 
264 1 |a Bratislava  |c 2023 
300 |a 73 s. 
100 1 |a Zátopková, Lucia 
700 1 |a Vernerová, Dominika, 1994- 
710 2 |a Obchodná fakulta EU. Katedra marketingu